[Event "Mumbai Aurionpro U14 op"]
[Site "Mumbai"]
[Date "2025.06.16"]
[Round "1"]
[White "Perecharla, Hariram Saikrishna"]
[Black "Kethan, Reddy Nandyala"]
[Result "1-0"]
[WhiteElo "1906"]
[BlackElo "1506"]
[PlyCount "67"]
[EventDate "2025.06.16"]
[EventType "swiss"]
[EventRounds "9"]
[EventCountry "IND"]
[SourceTitle "CB26_2025"]
[SourceDate "2025.06.25"]
[SourceVersion "1"]
[SourceVersionDate "2025.06.25"]
[SourceQuality "1"]

1. e4 e5 2. Nf3 Nc6 3. Bb5 a6 4. Ba4 Nf6 5. 0-0 b5 6. Bb3 Be7 7. d3 d6 8. c3 Na5 9. Bc2 c5 10. Re1 0-0 11. Nbd2 h6 12. Nf1 Nh7 13. d4 Qc7 14. Ne3 Ng5 15. Nd5 Qd8 16. dxe5 Nxf3+ 17. Qxf3 dxe5 18. Qg3 Bh4 19. Qxe5 Re8 20. Qh5 Bb7 21. Bf4 Bxd5 22. Qxd5 Qxd5 23. exd5 Bf6 24. Bc7 Nc4 25. b3 Bxc3 26. Rxe8+ Rxe8 27. Rd1 Be5 28. Bxe5 Nxe5 29. f3 Nd7 30. Kf2 Nb6 31. Be4 Rd8 32. Ke3 f5 33. Bxf5 Nxd5+ 34. Rxd5 1-0